000 00492cam a22001693u 4500
022 _a1566190274
082 _a823
_bTOL
245 0 0 _aWar and Peace
_cLeo Tolstoy ... [et. al.].
260 _a[S.l.] :
_bCliffs Notes
_c1993.
300 _aP694.
_bILL.
500 _aTitle from content provider.
526 _a0
_b0
_c0
_d823_000000000000000_TOL
650 _aMCE
_9379
700 1 _aTolstoy, Leo.
_93266
856 4 0 _uhttp://www.columbia.edu/cgi-bin/cul/resolve?clio7513185
942 _2ddc
_cBK
999 _c549370
_d549370